[Event "AUTO-ELITE-271"]
[Site "http://www.queenalice.com/game.php?id=518084"]
[Date "2009.1.6"]
[Round "1"]
[White "lucich"]
[Black "ClaudioMagno"]
[Result "1-0"]
[WhiteElo "2258"]
[BlackElo "2300"]

1. d4 Nf6 2. c4 g6 3. Nc3 Bg7 4. e4 d6 5. f3 Nc6 6. Be3 O-O 7. Nge2 e5 8. Qd2
Nd7 9. d5 Ne7 10. g4 f5 11. gxf5 gxf5 12. Rg1 f4 13. Bf2 Ng6 14. O-O-O b6 15.
Bh3 Nc5 16. Bxc8 Rxc8 17. Rg4 Bf6 18. h4 Kh8 19. h5 Ne7 20. Rdg1 Rg8 21. Rxg8+
Nxg8 22. b4 Nd7 23. Nb5 a6 24. Na7 Ra8 25. Nc6 Qf8 26. Qe1 Qh6 27. Rh1 Ne7 28.
Nc3 Rg8 29. Qd1 Rg5 30. Nd8 Rg7 31. Ne6 Rg8 32. Qa4 Nb8 33. Nxc7 Qg5 34. Rh2 Rc8
35. Bxb6 Rxc7 36. Bxc7 Qg1+ 37. Kb2 Qxh2+ 38. Kb3 Qxh5 39. Bxb8 Qxf3 40. Bxd6
Qh5 41. Bc5 Qf7 42. Qxa6 h5 43. d6 Ng8 44. Qc8 h4 45. b5 Qh7 46. d7 h3 47. Nd5
Bd8 48. Qxd8 h2 49. Bd6 Qh3+ 50. Kb4 h1=Q 51. Bxe5+ Kh7 52. Qxg8+ Kxg8 53. d8=Q+
Kh7 54. Qh8+ Kg6 55. Qg8+ 1-0

[Event "AUTO-ELITE-271"]
[Site "http://www.queenalice.com/game.php?id=518085"]
[Date "2009.1.6"]
[Round "1"]
[White "ClaudioMagno"]
[Black "lucich"]
[Result "0-1"]
[WhiteElo "2278"]
[BlackElo "2221"]

1. e4 e6 2. d4 d5 3. Nc3 Nf6 4. e5 Nfd7 5. f4 c5 6. Nf3 Nc6 7. Be3 cxd4 8. Nxd4
Bc5 9. Qd2 O-O 10. O-O-O a6 11. g4 Nxd4 12. Bxd4 b5 13. h4 Bb7 14. Bg2 Bxd4 15.
Qxd4 Qa5 16. a3 Rfc8 17. Bf1 Nc5 18. f5 exf5 19. gxf5 Ne4 20. Nxe4 dxe4 21. e6
Rd8 22. exf7+ Kxf7 23. Qe3 Rxd1+ 24. Kxd1 Rc8 25. Be2 Qc7 26. Qb3+ Ke7 27. Rg1
Qe5 28. a4 Qd4+ 0-1

[Event "Challenge"]
[Site "http://www.queenalice.com/game.php?id=519915"]
[Date "2009.1.9"]
[Round "-"]
[White "lucich"]
[Black "no_master"]
[Result "1/2-1/2"]
[WhiteElo "2218"]
[BlackElo "2319"]

1. d4 Nf6 2. c4 e6 3. Nc3 d5 4. Bg5 Be7 5. Nf3 h6 6. Bh4 O-O 7. e3 Nbd7 8. Rc1
a6 9. b3 Re8 10. Bd3 b6 11. O-O dxc4 12. bxc4 Bb7 13. h3 c5 14. Bg3 Nf8 15. Re1
Bxf3 16. Qxf3 cxd4 17. exd4 Qxd4 18. Na4 Qd8 19. Rb1 N8d7 20. Red1 Rc8 21. c5
bxc5 22. Bxa6 Ra8 23. Bb5 Nd5 1/2-1/2

[Event "Let's Play Chess!"]
[Site "http://www.queenalice.com/game.php?id=535607"]
[Date "2009.2.5"]
[Round "-"]
[White "lucich"]
[Black "wilfried"]
[Result "0-1"]
[WhiteElo "2275"]
[BlackElo "2027"]

1. d4 d5 2. c4 c6 3. Nc3 dxc4 4. e3 b5 5. a4 b4 6. Nb1 Ba6 7. Qc2 Nf6 8. Nf3 b3
9. Qd1 e6 10. Nbd2 Qd5 11. Be2 Nbd7 12. O-O Rb8 13. Nb1 Be7 14. Nc3 Qa5 15. Bd2
O-O 16. Qb1 Qc7 17. g3 Qb7 18. Rc1 h6 19. Bf1 Nd5 20. Ne2 c5 21. Bg2 Qb6 22. a5
Qc7 23. Nf4 Nxf4 24. exf4 Rbd8 25. Be3 Bf6 26. Ra4 cxd4 27. Nxd4 Nc5 28. Raxc4
Bxc4 29. Rxc4 Qxa5 30. Nc6 Qa2 31. Qf1 Nd3 32. Nxd8 Rxd8 33. Be4 Nxb2 34. Rc1
Qa5 35. Bb1 Na4 0-1

[Event "Anyone vs Granger"]
[Site "http://www.queenalice.com/game.php?id=546492"]
[Date "2009.2.26"]
[Round "-"]
[White "Granger2009"]
[Black "lucich"]
[Result "0-1"]
[WhiteElo "1925"]
[BlackElo "2256"]

1. d4 d5 2. Bg5 Bf5 3. e3 c6 4. Bd3 Bxd3 5. Qxd3 Nd7 6. Nf3 Ngf6 7. Nbd2 e6 8.
O-O Bd6 9. c3 O-O 10. h3 Qb6 11. Rab1 h6 12. Bxf6 Nxf6 13. Ne5 Rad8 14. f4 c5
15. Ndf3 cxd4 16. exd4 Nh5 17. Nh2 Nxf4 18. Rxf4 Bxe5 19. Rg4 f5 20. Rh4 Bd6 21.
Nf3 e5 22. Qe3 e4 23. Nd2 f4 24. Qe1 Rde8 25. b3 Qc7 26. c4 f3 27. gxf3 exf3 28.
Qd1 f2+ 29. Kf1 Re1+ 0-1

[Event "AUTO-MASTER-626"]
[Site "http://www.queenalice.com/game.php?id=558861"]
[Date "2009.3.20"]
[Round "2"]
[White "lucich"]
[Black "rubenov"]
[Result "1/2-1/2"]
[WhiteElo "2271"]
[BlackElo "1972"]

1. e4 e5 2. Nf3 Nc6 3. Bb5 d6 4. Nc3 Bd7 5. O-O Nf6 6. d4 exd4 7. Nxd4 Nxd4 8.
Bxd7+ Qxd7 9. Qxd4 Be7 10. Bg5 h6 11. Bh4 O-O 12. e5 Ne8 13. Bxe7 Qxe7 14. Rae1
dxe5 15. Rxe5 Qf6 16. Nd5 Qd6 17. c4 Rd8 18. c5 Qd7 19. Qh4 Kh8 20. Qb4 c6 21.
Nc3 Nf6 22. Rfe1 Ng4 23. Re7 Rfe8 24. Qe4 Rxe7 25. Qxe7 Qd2 26. Re2 Qd7 27. g3
f6 28. Qxd7 Rxd7 29. f4 f5 30. h3 Nf6 31. Kf2 1/2-1/2

[Event "AUTO-MASTER-626"]
[Site "http://www.queenalice.com/game.php?id=558862"]
[Date "2009.3.20"]
[Round "2"]
[White "rubenov"]
[Black "lucich"]
[Result "0-1"]
[WhiteElo "1984"]
[BlackElo "2262"]

1. d4 Nf6 2. Nc3 d5 3. Nf3 g6 4. Bf4 Bg7 5. e3 O-O 6. Bd3 Nh5 7. Bg5 Nc6 8. a3
Bg4 9. h3 Be6 10. Qe2 Nf6 11. Bf4 a6 12. O-O Qd7 13. Ng5 Rac8 14. Nxe6 Qxe6 15.
Na4 Nd7 16. Qf3 Rfd8 17. Qg3 b5 18. Nc3 Nf6 19. Bxc7 Rd7 20. Bb6 Nd8 21. Bxd8
Rdxd8 22. Qf3 Rc7 23. Qe2 Rdc8 24. f3 Qd6 25. Rfb1 e6 26. Bxb5 axb5 27. Nxb5 Qa6
28. c3 Rb7 29. a4 Ne8 30. e4 Nd6 31. Nxd6 Qxe2 32. Nxb7 dxe4 33. Nd6 exf3 0-1

[Event "AUTO-MASTER-626"]
[Site "http://www.queenalice.com/game.php?id=558863"]
[Date "2009.3.20"]
[Round "2"]
[White "lucich"]
[Black "mowliid12"]
[Result "1-0"]
[WhiteElo "2264"]
[BlackElo "2019"]

1. d4 d5 2. c4 e6 3. Nc3 Nf6 4. Nf3 Bb4 5. Bg5 Be7 6. cxd5 exd5 7. Qb3 O-O 8.
Bxf6 Bxf6 9. Nxd5 Nc6 10. e3 Rb8 11. Nxf6+ Qxf6 12. Bd3 Bg4 13. Nd2 Rbd8 14. Be4
Rfe8 15. O-O Qg5 16. Nf3 Qh5 17. Bxc6 bxc6 18. Ne5 Be6 19. Qc3 Bd5 20. f3 Qg5
21. e4 f6 22. f4 Qh5 23. exd5 fxe5 24. fxe5 cxd5 25. Qxc7 Rc8 26. Qxa7 Rc2 27.
Qd7 Rxb2 28. Qxd5+ Kh8 29. Rab1 Rxb1 30. Rxb1 Rf8 31. Qe4 Qg5 32. e6 Qd2 33. Rf1
Rxf1+ 34. Kxf1 Qd1+ 35. Kf2 Qd2+ 36. Kg3 Qc3+ 37. Kg4 g6 38. Qa8+ Kg7 39. Qa7+
Kh6 40. Qc5 Qd3 41. Qf8# 1-0

[Event "AUTO-MASTER-626"]
[Site "http://www.queenalice.com/game.php?id=558864"]
[Date "2009.3.20"]
[Round "2"]
[White "mowliid12"]
[Black "lucich"]
[Result "0-1"]
[WhiteElo "2025"]
[BlackElo "2268"]

1. e4 e6 2. d4 d5 3. Nc3 Nf6 4. e5 Nfd7 5. Nf3 c5 6. Bb5 Nc6 7. O-O Be7 8. dxc5
O-O 9. Re1 Bxc5 10. Bd3 Be7 11. Bf4 Nc5 12. Ne2 Qb6 13. b3 Nb4 14. Be3 Nbxd3 15.
cxd3 Qb5 16. d4 Ne4 17. Qd3 Qxd3 18. Rad1 Qa6 19. Nc1 Bd7 20. h3 Rac8 21. Kh2
Rc7 22. g4 Rfc8 23. Kg2 Bb4 24. Rf1 Bb5 25. Rh1 Be2 26. Nxe2 Qxe2 27. a4 Rc2 0-1

[Event "AUTO-MASTER-626"]
[Site "http://www.queenalice.com/game.php?id=558865"]
[Date "2009.3.20"]
[Round "2"]
[White "lucich"]
[Black "luvches"]
[Result "1-0"]
[WhiteElo "2298"]
[BlackElo "2202"]

1. d4 Nf6 2. c4 e6 3. Nc3 Bb4 4. Qc2 c5 5. dxc5 O-O 6. Nf3 Na6 7. e3 Nxc5 8. Bd2
Bxc3 9. Bxc3 Nce4 10. Bd3 Nxc3 11. Qxc3 d6 12. O-O-O Bd7 13. e4 b5 14. Kb1 bxc4
15. Qxc4 Qb6 16. Qd4 d5 17. exd5 exd5 18. Qh4 Rab8 19. Qd4 Qxd4 20. Nxd4 Ne4 21.
Bxe4 dxe4 22. Rhe1 Rfe8 23. Rc1 Rb4 24. Nc2 Rb7 25. Ne3 Bb5 26. b3 Bd3+ 27. Kb2
g6 28. Rc3 Rd7 29. Nc4 Kg7 30. a4 f5 31. b4 Rd4 32. Kb3 Bxc4+ 33. Rxc4 Rxc4 34.
Kxc4 Rc8+ 35. Kb3 Kf6 36. b5 Ke5 37. Rd1 Rc7 38. Rd8 g5 39. Rg8 Kf4 40. a5 Rd7
41. a6 Re7 42. Kb4 Rd7 43. b6 axb6 44. Kb5 h5 45. Kxb6 Rd6+ 46. Kb7 Rd7+ 47. Kb8
Rd2 48. a7 Rxf2 49. a8=Q Rxg2 50. Qa3 Kg4 51. Qe3 Kh4 52. Kc7 1-0

[Event "AUTO-MASTER-626"]
[Site "http://www.queenalice.com/game.php?id=558866"]
[Date "2009.3.20"]
[Round "2"]
[White "luvches"]
[Black "lucich"]
[Result "0-1"]
[WhiteElo "2188"]
[BlackElo "2269"]

1. e4 c6 2. d4 d5 3. exd5 cxd5 4. Nf3 Nf6 5. Bb5+ Bd7 6. Bxd7+ Nbxd7 7. Nc3 e6
8. O-O Be7 9. Re1 O-O 10. Bd2 Rc8 11. a3 a6 12. Ne5 Qb6 13. Nxd7 Nxd7 14. Nxd5
exd5 15. Rxe7 Nf6 16. Bb4 Rfe8 17. Ra2 Rxe7 18. Bxe7 Ne4 19. f3 Nd6 20. Bxd6
Qxd6 21. Qd3 b5 22. c3 g6 23. Ra1 Re8 24. a4 b4 25. c4 dxc4 26. Qxc4 a5 27. Rd1
Qd7 28. b3 Rc8 29. Qa6 Qc7 30. Re1 Qc3 31. Kf1 h5 32. d5 Kg7 33. Qxa5 Qxb3 34.
Kg1 Qc3 35. Rd1 Qe3+ 0-1

[Event "AUTO-ELITE-271"]
[Site "http://www.queenalice.com/game.php?id=573913"]
[Date "2009.4.18"]
[Round "2"]
[White "beckhamf2000"]
[Black "lucich"]
[Result "1-0"]
[WhiteElo "2388"]
[BlackElo "2273"]

1. e4 e6 2. d4 d5 3. Nc3 Nf6 4. e5 Nfd7 5. f4 c5 6. Nf3 Nc6 7. Be3 a6 8. Qd2 b5
9. dxc5 Bxc5 10. Bxc5 Nxc5 11. Qf2 Qb6 12. Bd3 b4 13. Ne2 a5 14. O-O Ba6 15. Kh1
Bxd3 16. cxd3 Qb5 17. f5 Nxd3 18. Qg3 Nxb2 19. Qxg7 O-O-O 20. Qxf7 Qxe2 21.
Qxe6+ Kb7 22. Qxc6+ Kxc6 23. Nd4+ Kb6 24. Nxe2 d4 25. e6 d3 26. Nf4 d2 27. f6
Kc6 28. e7 Rd7 29. Ne6 Re8 30. f7 Rdxe7 31. fxe8=Q+ Rxe8 32. Nd4+ Kb6 33. Rab1
d1=Q 34. Rbxd1 Nxd1 35. Rxd1 1-0

[Event "AUTO-ELITE-271"]
[Site "http://www.queenalice.com/game.php?id=573914"]
[Date "2009.4.18"]
[Round "2"]
[White "lucich"]
[Black "beckhamf2000"]
[Result "1/2-1/2"]
[WhiteElo "2266"]
[BlackElo "2340"]

1. d4 Nf6 2. c4 e6 3. Nc3 Bb4 4. Qc2 O-O 5. e4 d5 6. e5 Ne4 7. a3 Bxc3+ 8. bxc3
c5 9. Bd3 cxd4 10. cxd4 Qa5+ 11. Kf1 Bd7 12. Ne2 f5 13. cxd5 Qxd5 14. Be3 Rc8
15. Nf4 Qa5 16. Qb2 Qc3 1/2-1/2

[Event "AUTO-ELITE-345"]
[Site "http://www.queenalice.com/game.php?id=592673"]
[Date "2009.5.23"]
[Round "1"]
[White "PackoJones"]
[Black "lucich"]
[Result "1-0"]
[WhiteElo "2533"]
[BlackElo "2289"]

1. e4 e6 2. d4 d5 3. Nc3 Nf6 4. Bg5 dxe4 5. Nxe4 Be7 6. Bxf6 Bxf6 7. Nf3 O-O 8.
Bc4 Nd7 9. O-O Be7 10. Qe2 Nb6 11. Bb3 a5 12. c4 a4 13. Bc2 c6 14. a3 Qc7 15.
Rad1 Ra5 16. Nc3 f6 17. Rfe1 Re8 18. c5 Nd5 19. Nd2 Bd7 20. Nc4 Raa8 21. Nxa4
Rad8 22. Nab6 Bf8 23. h4 Bc8 24. Qh5 g6 25. Qf3 Qf4 26. Qxf4 Nxf4 27. Na5 Nd5
28. Nxc8 Rxc8 29. Nxb7 Rb8 30. Ba4 Rxb7 31. Bxc6 Rbb8 32. Bxe8 Rxe8 33. b4 Kf7
34. Rd3 Rb8 35. Rb1 Nf4 36. Rd2 Nd5 37. b5 Ke7 38. a4 Kd7 39. Rc2 Ra8 40. b6 Ne7
41. b7 Rb8 42. a5 Nc6 43. a6 Na7 44. g3 Be7 45. Rb6 1-0

[Event "AUTO-ELITE-345"]
[Site "http://www.queenalice.com/game.php?id=592674"]
[Date "2009.5.23"]
[Round "1"]
[White "lucich"]
[Black "PackoJones"]
[Result "1/2-1/2"]
[WhiteElo "2284"]
[BlackElo "2527"]

1. d4 d5 2. c4 e6 3. Nc3 c6 4. Nf3 Nf6 5. Bg5 Nbd7 6. e3 Qa5 7. cxd5 Nxd5 8. Qd2
N7b6 9. Bd3 Nxc3 10. bxc3 Nd5 11. O-O Qxc3 12. Qe2 f6 13. Bh4 Be7 14. Nd2 O-O
15. Nc4 b5 16. Rfc1 Qb4 17. a3 Qa4 18. Nb2 Qa6 19. Bg3 Qb7 20. e4 Nc7 21. Bxc7
Qxc7 22. Bxb5 Bd7 23. d5 exd5 24. exd5 Bd6 25. dxc6 Bf5 26. g3 Be5 27. Rc5 Rae8
28. Qf3 Be6 29. Rb1 Rb8 30. Qe4 Bf7 31. Bd3 Bg6 32. Qc4+ Bf7 33. Qh4 g6 34. Nc4
Rxb1+ 35. Bxb1 Ba1 36. Ne3 f5 37. Nxf5 gxf5 38. Rxf5 Bg6 39. Qc4+ Kg7 40. Rb5
Rb8 41. Rxb8 Qxb8 42. Bxg6 hxg6 43. c7 Qc8 44. f4 Bf6 45. h4 Kf8 46. Qc5+ Ke8
47. Qxa7 Kd7 48. Qb6 Be7 49. Qxg6 Qxc7 50. Qg4+ Ke8 51. Qg8+ Kd7 52. Qd5+ Ke8
53. Kg2 Kf8 54. Qe4 Qc1 55. a4 Qd1 56. Qf5+ Kg7 57. Qe5+ Bf6 58. Qc7+ Kh6 59.
Qc6 Kg6 60. Qe4+ Kf7 61. Kh3 Kg7 62. a5 Bd8 63. Qb7+ Kg6 64. Qc6+ Kf7 65. a6
Qf1+ 66. Kg4 Qe2+ 67. Qf3 Qxa6 68. Qd5+ Qe6+ 69. Qf5+ Qxf5+ 70. Kxf5 Kg7 71. Kg4
Kh6 72. f5 1/2-1/2

[Event "AUTO-ELITE-345"]
[Site "http://www.queenalice.com/game.php?id=592679"]
[Date "2009.5.23"]
[Round "1"]
[White "lucich"]
[Black "Alexandrovinsk"]
[Result "1-0"]
[WhiteElo "2279"]
[BlackElo "2204"]

1. d4 Nf6 2. c4 g6 3. Nc3 Bg7 4. e4 d6 5. Nf3 O-O 6. g3 e5 7. Bg2 Nc6 8. d5 Ne7
9. O-O Ne8 10. Qb3 b6 11. Re1 f5 12. Ng5 a5 13. Ne6 Bxe6 14. dxe6 Kh8 15. Bg5
Nf6 16. exf5 gxf5 17. Bxa8 Qxa8 18. Rad1 Qf3 19. Qc2 Qh5 20. Bxf6 Rxf6 21. Nd5
Rh6 22. h4 Rxe6 23. Nf4 1-0

[Event "AUTO-ELITE-345"]
[Site "http://www.queenalice.com/game.php?id=592680"]
[Date "2009.5.23"]
[Round "1"]
[White "Alexandrovinsk"]
[Black "lucich"]
[Result "0-1"]
[WhiteElo "2133"]
[BlackElo "2291"]

1. e4 e6 2. d4 d5 3. Nd2 c5 4. c3 cxd4 5. cxd4 Nc6 6. Ngf3 Nf6 7. e5 Nd7 8. Bd3
Qb6 9. O-O Nxd4 10. Nxd4 Qxd4 11. Nf3 Qb6 12. Qe2 Nc5 13. Be3 Bd7 14. Rab1 Qb4
15. a3 Qa4 16. Bxc5 Bxc5 17. Rbc1 Bb6 18. h3 O-O 19. Bxh7+ Kh8 20. Bc2 Qf4 21.
Qd3 g6 22. g3 Qxg3+ 23. Kh1 Qxh3+ 24. Kg1 Bb5 25. Qxb5 Kg7 26. Qd7 Rh8 27. Qxf7+
Kxf7 28. Ng5+ Kg7 29. Nxh3 Rxh3 30. Kg2 Rah8 31. f3 Rh2+ 32. Kg3 R2h5 33. f4
Rh3+ 34. Kg2 Rh2+ 35. Kg3 R8h3+ 36. Kg4 Re3 37. f5 Rg2+ 38. Kh4 g5+ 0-1

[Event "AUTO-ELITE-366"]
[Site "http://www.queenalice.com/game.php?id=614005"]
[Date "2009.7.6"]
[Round "1"]
[White "Dom81"]
[Black "lucich"]
[Result "1-0"]
[WhiteElo "2272"]
[BlackElo "2282"]

1. d4 d5 2. c4 c6 3. Nf3 Nf6 4. Nc3 e6 5. e3 Nbd7 6. Bd3 Bd6 7. e4 dxe4 8. Nxe4
Nxe4 9. Bxe4 Nf6 10. Bc2 O-O 11. O-O b5 12. c5 Be7 13. Ne5 Bb7 14. Qd3 a5 15.
Rd1 Qc8 16. a4 Rd8 17. Bg5 Bxc5 18. Bxf6 1-0

[Event "AUTO-ELITE-366"]
[Site "http://www.queenalice.com/game.php?id=614006"]
[Date "2009.7.6"]
[Round "1"]
[White "lucich"]
[Black "Dom81"]
[Result "0-1"]
[WhiteElo "2295"]
[BlackElo "2259"]

1. d4 Nf6 2. c4 g6 3. Nc3 Bg7 4. e4 d6 5. f3 O-O 6. Be3 Nc6 7. Nge2 Rb8 8. Qd2
a6 9. d5 Ne5 10. b3 c5 11. dxc6 bxc6 12. Nf4 Qa5 13. h4 Rxb3 14. axb3 Qxa1+ 15.
Kf2 Neg4+ 16. fxg4 Nxg4+ 17. Kf3 Bxc3 0-1

[Event "AUTO-ELITE-366"]
[Site "http://www.queenalice.com/game.php?id=614011"]
[Date "2009.7.6"]
[Round "1"]
[White "lucich"]
[Black "PackoJones"]
[Result "0-1"]
[WhiteElo "2304"]
[BlackElo "2529"]

1. d4 e6 2. e4 d5 3. Nc3 Bb4 4. e5 c5 5. a3 Bxc3+ 6. bxc3 Ne7 7. Qg4 Kf8 8. Bd3
Qa5 9. Bd2 c4 10. Be2 Qa4 11. Bd1 Nbc6 12. Ne2 b6 13. Ng3 Kg8 14. Nh5 Ng6 15.
O-O h6 16. Ra2 Qb5 17. Be2 Qa4 18. Ng3 Bd7 19. Bf3 Rd8 20. h4 Rh7 21. h5 Nge7
22. Be2 Rh8 23. Rb1 Kh7 24. Bf3 Rhf8 25. Kh2 f6 26. Re1 fxe5 27. dxe5 Rf7 28.
Kg1 Rdf8 29. Kh1 Kh8 30. Kh2 Qa6 31. Raa1 Qb5 32. a4 Qb2 33. Rac1 Qa2 34. Kg1
Qxa4 35. Kh2 Qa2 36. Qh4 a5 37. Qh3 a4 0-1

[Event "AUTO-ELITE-366"]
[Site "http://www.queenalice.com/game.php?id=614012"]
[Date "2009.7.6"]
[Round "1"]
[White "PackoJones"]
[Black "lucich"]
[Result "1/2-1/2"]
[WhiteElo "2539"]
[BlackElo "2270"]

1. d4 d5 2. c4 c6 3. Nf3 Nf6 4. Nc3 a6 5. a4 e6 6. g3 dxc4 7. Ne5 c5 8. Be3 cxd4
9. Qxd4 Nbd7 10. Rd1 Qc7 11. Bf4 Qb6 12. Nxc4 Qxd4 13. Rxd4 Bc5 14. Rd1 Nb6 15.
Nxb6 Bxb6 16. Bg2 O-O 17. O-O Re8 18. Be5 Ng4 19. Bd4 Bxd4 20. Rxd4 e5 21. Rc4
Rd8 22. Rc5 Rb8 23. h3 Nf6 24. Rxe5 Be6 25. Rc5 Rd2 26. b4 b6 27. Rc7 Rb2 28.
Rb1 Rxb1+ 29. Nxb1 a5 30. bxa5 bxa5 31. Nc3 Rb3 32. Nb5 Rb4 33. Ra7 Kf8 34. Rxa5
Bb3 35. Nc3 Rc4 36. Nd5 Nxd5 37. Bxd5 Rxa4 38. Rxa4 Bxa4 39. e4 Ke7 40. f4 f6
41. Kf2 Kd6 42. Ke3 Bd7 43. h4 Kc5 44. Bb3 h6 45. Ba2 Bg4 46. Bd5 Bh5 47. Be6
Be8 48. Ba2 Bc6 49. Bf7 Ba4 50. Bg8 Bd1 51. Be6 Ba4 52. Bg4 g6 53. h5 gxh5 54.
Bxh5 Kd6 55. Kd4 Bd7 56. Be2 Be6 57. Bf1 Bg4 58. Bc4 Bd7 59. Bd5 Bb5 60. Bb3 Bd7
61. Bc4 Bg4 62. Bg8 Bd7 63. Bf7 Bg4 64. Kd3 Kc5 65. Ke3 Kd6 66. Bc4 Bd7 67. Be2
Kc5 68. e5 fxe5 69. fxe5 Kd5 70. Kf4 Be6 71. Bh5 Bh3 72. g4 Ke6 73. Be8 1/2-1/2

[Event "Let's Play Chess!"]
[Site "http://www.queenalice.com/game.php?id=618323"]
[Date "2009.7.14"]
[Round "-"]
[White "Conde7"]
[Black "lucich"]
[Result "1-0"]
[WhiteElo "2595"]
[BlackElo "2307"]

1. e4 d6 2. d4 Nf6 3. Nc3 g6 4. Nf3 Bg7 5. Be2 O-O 6. O-O c6 7. Re1 Nbd7 8. Bf4
Qc7 9. e5 Nh5 10. Bg5 dxe5 11. Bxe7 Re8 12. d5 Qb6 13. dxc6 bxc6 14. Ba3 e4 15.
Bc4 Bxc3 16. bxc3 Nhf6 17. Ng5 Ne5 18. Rb1 Bg4 19. Qd6 Nxc4 20. Qxf6 Qc7 21. Bc5
Qd8 22. Qxf7+ 1-0

[Event "Let's Play Chess!"]
[Site "http://www.queenalice.com/game.php?id=618324"]
[Date "2009.7.14"]
[Round "-"]
[White "lucich"]
[Black "Conde7"]
[Result "0-1"]
[WhiteElo "2299"]
[BlackElo "2571"]

1. d4 Nf6 2. c4 e6 3. Nc3 d5 4. Nf3 Be7 5. Bg5 h6 6. Bh4 O-O 7. e3 Ne4 8. Bxe7
Qxe7 9. cxd5 Nxc3 10. bxc3 exd5 11. Qb3 Rd8 12. c4 dxc4 13. Bxc4 Nc6 14. O-O Na5
15. Qc2 Nxc4 16. Qxc4 Be6 17. Qc3 Bd5 18. Ne5 b6 19. Rac1 c5 20. dxc5 bxc5 21.
Nc4 Qg5 22. g3 Qh5 23. Nd2 Rac8 24. Rc2 Be6 25. f4 c4 26. Rfc1 Rd3 27. Qe5 Qg4
28. Nf1 f6 29. Qa5 Bd5 30. Qe1 Qf3 31. Qe2 Qh1+ 32. Kf2 Ra3 33. Qg4 Rb8 34. Qd1
Be4 35. Qd6 Qf3+ 36. Kg1 Rb6 0-1

[Event "Once again, without the net"]
[Site "http://www.queenalice.com/game.php?id=650252"]
[Date "2009.9.18"]
[Round "-"]
[White "lucich"]
[Black "decimator"]
[Result "1-0"]
[WhiteElo "2278"]
[BlackElo "2308"]

1. d4 d5 2. c4 Nf6 3. Nf3 dxc4 4. Nc3 a6 5. e4 Bg4 6. Bxc4 b5 7. Bxf7+ Kxf7 8.
Ne5+ Ke8 9. Nxg4 c5 10. d5 g6 11. Nxf6+ exf6 12. O-O Bg7 13. Bf4 Nd7 14. d6 h5
15. a4 g5 16. Be3 f5 17. exf5 Kf8 18. Nd5 Bxb2 19. Ra2 Be5 20. Nc7 Qf6 21. Nxa8
Qxf5 22. axb5 axb5 23. Nc7 Kg7 24. Nxb5 Rf8 25. Qc2 Qxc2 26. Rxc2 Kg6 27. Rfc1
Ra8 28. Nc7 Rf8 29. Ne6 Rf6 30. Nxc5 Rxd6 31. Ne4 Rd3 32. Nxg5 Rxe3 33. fxe3
Kxg5 34. g3 Kf5 35. Kg2 Nf6 36. h3 Ke4 37. Kf2 Bd6 38. Rd1 Ke5 39. Rc6 Ne4+ 40.
Kg2 Bf8 41. Rd8 Bg7 42. g4 hxg4 43. hxg4 Nf6 44. Kf3 1-0